Welcome to the Holygrace Academy Library

Please use search bar below to get started

THE HARDY BOYS - THE CHILDREN OF THE LOST (Record no. 7781)

MARC details
000 -LEADER
fixed length control field 00655nam a22001457a 4500
020 ## - INTERNATIONAL STANDARD BOOK NUMBER
ISBN 978-1-4424-0262-1
082 ## - DEWEY DECIMAL CLASSIFICATION NUMBER
Classification number 823
Item number DIX/H
100 ## - MAIN ENTRY--AUTHOR NAME
Personal name DIXON, FRANKLIN W
245 ## - TITLE STATEMENT
Title THE HARDY BOYS - THE CHILDREN OF THE LOST
260 ## - PUBLICATION, DISTRIBUTION, ETC. (IMPRINT)
Place of publication NEW YORK
Name of publisher ALADDIN PAPERBACKS
Year of publication 2010
300 ## - PHYSICAL DESCRIPTION
Number of Pages 186
520 ## - SUMMARY, ETC.
Summary, etc The boys go on a chilling mission—camping in the woods where children have suddenly begun to disappear. Every time a child disappears, the word "LOST" has appeared outside their tent…and they are never heard from again. The boys think they've got things covered; they're ATAC agents after all.
650 ## - SUBJECT ADDED ENTRY--TOPICAL TERM
Topical Term MYSTERY STORY
Geographic subdivision UNITED STATES
942 ## - ADDED ENTRY ELEMENTS (KOHA)
Koha item type Books
Holdings
Withdrawn status Lost status Collection code Home library Current library Shelving location Date acquired Source of acquisition Cost, normal purchase price Full call number Accession Number Koha item type
    Fiction Main Library Main Library NEW SHELF WITH NEW ENTRY 20/11/2023 purchase 250.00 823 DIX/H 13422 Books